| 000 | 01406 a2200229 4500 | ||
|---|---|---|---|
| 020 | _a025602961X | ||
| 020 | _a9780256029611 | ||
| 090 |
_c751 _d751 |
||
| 100 | 1 | _aAnthony, Robert N. | |
| 245 | 1 | 0 |
_aManagement control systems / _cRobert N. Anthony. |
| 250 | _a5th ed. | ||
| 260 |
_a[S.l.] : _bRichard D. Irwin, _c1984. |
||
| 300 |
_a872 p. ; _c24 cm. |
||
| 490 | 1 | _aThe robert N. anthony/willard J. graham series in accounting. | |
| 500 | _aHardcover. | ||
| 520 | _a"Management Control Systems, 11/e" builds on strengths from prior editions by offering a rich diversity of cases balanced with current material. The primary market for Management Control Systems is an MBA level elective in control systems. The text may also be appropriate for advanced managerial accounting courses and/or MBA-level cost accounting courses with an emphasis on management control. "Management Control Systems, 11/e" is organized to develop insights and analytical skills related to how managers go about designing, implementing, and using planning and control systems to implement strategies. | ||
| 700 | 1 | _aetc. | |
| 830 | 4 | _aThe robert N. anthony/willard J. graham series in accounting. | |
| 856 | 4 | 0 |
_3Amazon.com _uhttp://www.amazon.com/exec/obidos/ASIN/025602961X/chopaconline-20 |
| 856 | 4 | 0 |
_3Amazon customer reviews _uhttp://www.chopac.org/cgi-bin/tools/azrev.pl?q=025602961X |
| 942 |
_aNBS _cBK _k658.562 ANT |
||
| 999 |
_c343301 _d343301 |
||